God to Religion - Statistics

General Stats
  • This quiz has been taken 181 times
  • The average score is 10 of 15
Answer Stats
Hint Extra Hint Answer % Correct
Allah God Muslim
96%
Athena Goddess of war Greek
94%
Odin God of war and death Norse
90%
Venus Goddess of love Roman
86%
Osiris God of fertility and death Egyptian
84%
Ganesha God of beginnings Hinduism
79%
Yahweh God Jewish
79%
Quetzalcoatl God of wind Aztec
75%
Papatūānuku Earth Mother Maori
63%
Amaterasu Goddess of the sun Japanese
58%
Lugh God of the sun Irish
47%
Atingkok Supreme God Meitei
37%
Tinia God of the sky Etruscan
36%
Viracocha God of the sun Incan
35%
Anu God of the sky Mesopotamian
33%
No matching quizzes found
Score Distribution
Percent of People with Each Score
Percentile by Number Answered
Your Score History
You have not taken this quiz